Анастасия: календарь для дачников, огородников и всех, кто стремится жить в гармонии с Природой (Запись № 65997)

Подробности
000 -МАРКЕР
контрольное поле 01448nam0a2200349 4500
001 - ИДЕНТИФИКАТОР ЗАПИСИ
контрольное поле RU\NLR\bibl\1222650
005 - ИДЕНТИФИКАТОР ВЕРСИИ
контрольное поле 20260405174011.0
010 ## - МЕЖДУНАРОДНЫЙ СТАНДАРТНЫЙ НОМЕР КНИГИ (ISBN)
Номер (ISBN) 978-5-17-048634-2
Тираж 7000
021 ## - НОМЕР ГОСУДАРСТВЕННОЙ РЕГИСТРАЦИИ
Код страны российская федерация
Номер 2008-17921
Номер Листа государственной регистраци 978
035 ## - ДРУГИЕ СИСТЕМНЫЕ НОМЕРА
Идентификатор записи (NLR Aleph) 001208988
100 ## - ДАННЫЕ ОБЩЕЙ ОБРАБОТКИ
Данные общей обработки 20080505d2008 |||y0rusy50 ca
101 0# - ЯЗЫК РЕСУРСА
Язык текста, звукозаписи и т.д. русский
102 ## - СТРАНА ПУБЛИКАЦИИ ИЛИ ПРОИЗВОДСТВА
Страна публикации российская федерация
105 ## - ПОЛЕ КОДИРОВАННЫХ ДАННЫХ: ТЕКСТОВЫЕ МАТЕРИАЛЫ, МОНОГРАФИЧЕСКИЕ
Кодированные данные о монографическом текстовом документе y |||||||||
200 1# - ЗАГЛАВИЕ И СВЕДЕНИЯ ОБ ОТВЕТСТВЕННОСТИ
Основное заглавие Анастасия: календарь для дачников, огородников и всех, кто стремится жить в гармонии с Природой
Сведения, относящиеся к заглавию [календарь счастья первой ступени]
Первые сведения об ответственности Мария Игнатова
210 ## - ПУБЛИКАЦИЯ, РАСПРОСТРАНЕНИЕ И ДР.
Место издания, распространения и т.д. Москва
Имя издателя, распространителя и т. д. АСТ
Дата издания, распространения и т.д. 2008
215 ## - ФИЗИЧЕСКАЯ ХАРАКТЕРИСТИКА
Специфическое обозначение материала и объем 316 с.
Размеры 21
225 1# - СЕРИЯ
Основное заглавие серии Знахарь
300 ## - ОБЩИЕ ПРИМЕЧАНИЯ
Текст примечания На обл. авт. не указан
600 #0 - ИМЯ ЛИЦА КАК ПРЕДМЕТ
Начальный элемент ввода Анастасия
Формальный подзаголовок Календари
Системный номер авторитетной/нормативной записи 2078895
Идентификатор авторитетной/нормативной записи RU\NLR\auth\661254762
606 1# - НАИМЕНОВАНИЕ ТЕМЫ КАК ПРЕДМЕТ
Наименование темы Приусадебное садоводство
Формальный подзаголовок Календари
Системный номер авторитетной/нормативной записи 1897721
Идентификатор авторитетной/нормативной записи RU\NLR\auth\66863613
606 1# - НАИМЕНОВАНИЕ ТЕМЫ КАК ПРЕДМЕТ
Наименование темы Народная медицина
Формальный подзаголовок Календари
Географический подзаголовок Россия
Системный номер авторитетной/нормативной записи 1759654
Идентификатор авторитетной/нормативной записи RU\NLR\auth\66789094
686 ## - ИНДЕКСЫ ДРУГИХ КЛАССИФИКАЦИЙ
Индекс Р359.2(2)я25
686 ## - ИНДЕКСЫ ДРУГИХ КЛАССИФИКАЦИЙ
Индекс П23,1я25
686 ## - ИНДЕКСЫ ДРУГИХ КЛАССИФИКАЦИЙ
Индекс Ю96я25
700 #1 - ИМЯ ЛИЦА - ПЕРВИЧНАЯ ОТВЕТСТВЕННОСТЬ
Код отношения Автор
Материалы, к которым относится поле rus
Графика поля Кириллица
Начальный элемент ввода Игнатова
Часть имени, кроме начального элемента ввода М.
Дополнения к именам, кроме дат эзотерик
Расширение инициалов личного имени Мария
Идентификатор авторитетной/нормативной записи RU\NLR\auth\7775309
Системный номер авторитетной/нормативной записи 58237
801 #0 - ИСТОЧНИК ЗАПИСИ
Страна российская федерация
Организация NLR
Дата составления 20080505
Правила каталогизации RCR
801 #1 - ИСТОЧНИК ЗАПИСИ
Страна российская федерация
Организация NLR
Дата составления 20080505
942 ## - ДОПОЛНИТЕЛЬНЫЕ ЭЛЕМЕНТЫ ЗАПИСИ (АБИС)
Тип экземпляра АБИС Книга
980 ## - КОЛЛЕКЦИЯ
Название коллекции Национальная библиография
Экземпляры
Тип экземпляра Дата поступления Источник поступления Библиотека постоянного хранения Библиотека текущего хранения Место хранения Штрих-код Статус не для выдачи
Книга 05.05.2008 Обязательный экземпляр РНБ (Московский) РНБ (Московский) Фонд изданий групповой обработки 2665201  
Книга 05.05.2008 Обязательный экземпляр РНБ (Московский) РНБ (Московский) Обменный фонд 2665203